Designing public : (Record no. 20672)

MARC details
000 -CABECERA
campo de control de longitud fija 01064nam a22002777a 4500
003 - IDENTIFICADOR DEL NÚMERO DE CONTROL
campo de control OSt
005 - FECHA Y HORA DE LA ÚLTIMA TRANSACCIÓN
campo de control 20260601171015.0
008 - DATOS DE LONGITUD FIJA--INFORMACIÓN GENERAL
campo de control de longitud fija 260507b2008\\\\-ge\||||\||||\00|\0\eng\d
020 ## - NÚMERO INTERNACIONAL ESTÁNDAR DEL LIBRO
Número Internacional Estándar del Libro 9783764386672
040 ## - FUENTE DE LA CATALOGACIÓN
Centro catalogador/agencia de origen ICI
Lengua de catalogación spa
Centro/agencia transcriptor ICI
050 ## - SIGNATURA TOPOGRÁFICA DE LA BIBLIOTECA DEL CONGRESO
Número de clasificación NA9053.H76
Número de documento/Ítem D47 2008
245 ## - MENCIÓN DE TÍTULO
Título Designing public :
Resto del título Perspektiven für die Öffentlichkeit = Perspectives for the public /
Mención de responsabilidad, etc. Michael Erlhoff, Philipp Heidkamp, Iris Utikal, editors.
246 #3 - FORMA VARIANTE DE TÍTULO
Título propio/Titulo breve Perspectives for the public
300 ## - DESCRIPCIÓN FÍSICA
Extensión 207 páginas :
Otras características físicas ilustraciones a color ;
650 ## - PUNTO DE ACCESO ADICIONAL DE MATERIA--TÉRMINO DE MATERIA
Término de materia o nombre geográfico como elemento de entrada Public spaces
Subdivisión general Social aspects.
9 (RLIN) 33859
650 ## - PUNTO DE ACCESO ADICIONAL DE MATERIA--TÉRMINO DE MATERIA
Término de materia o nombre geográfico como elemento de entrada Architecture
Subdivisión general Human factors.
9 (RLIN) 33860
650 ## - PUNTO DE ACCESO ADICIONAL DE MATERIA--TÉRMINO DE MATERIA
Término de materia o nombre geográfico como elemento de entrada Design
Subdivisión general Human factors.
650 ## - PUNTO DE ACCESO ADICIONAL DE MATERIA--TÉRMINO DE MATERIA
Término de materia o nombre geográfico como elemento de entrada Espacios públicos
Subdivisión general Aspectos sociales.
9 (RLIN) 33862
650 ## - PUNTO DE ACCESO ADICIONAL DE MATERIA--TÉRMINO DE MATERIA
Término de materia o nombre geográfico como elemento de entrada Arquitectura
Subdivisión general Factores humanos.
9 (RLIN) 3247
650 ## - PUNTO DE ACCESO ADICIONAL DE MATERIA--TÉRMINO DE MATERIA
Término de materia o nombre geográfico como elemento de entrada Diseño
Subdivisión general Factores humanos.
700 #1 - PUNTO DE ACCESO ADICIONAL--NOMBRE DE PERSONA
Nombre de persona Erlhoff, Michael,
Fechas asociadas al nombre 1946-2021,
Término indicativo de función/relación editor.
9 (RLIN) 33864
700 #1 - PUNTO DE ACCESO ADICIONAL--NOMBRE DE PERSONA
Nombre de persona Heidkamp, Philipp,
Término indicativo de función/relación editor.
9 (RLIN) 33865
700 #1 - PUNTO DE ACCESO ADICIONAL--NOMBRE DE PERSONA
Nombre de persona Utikal, Iris,
Término indicativo de función/relación editor.
9 (RLIN) 33866
710 #2 - PUNTO DE ACCESO ADICIONAL--NOMBRE DE ENTIDAD CORPORATIVA
Nombre de entidad corporativa o nombre de jurisdicción como elemento de entrada Köln International School of Design.
9 (RLIN) 33867
942 ## - ELEMENTOS DE PUNTO DE ACCESO ADICIONAL (KOHA)
Fuente del sistema de clasificación o colocación Library of Congress Classification
Tipo de ítem Koha Libros
Suprimir en OPAC 1

No items available.